00623nam a2200169 i 450000100060000000300090000600700030001500800410001810000290005924500960008826000500018430000220023470000270025685200320028399900170031595201210033286005ES-MaACLt|041203s1962 ag ||||1| spa d1 aKennan, George F.96783510aRusia y occidente bajo Lenin y Stalin / cGeorge F. Kennan ; [traducción, León Mirlas]. aBuenos Aires : bEdiciones Selectas, c[1962] a347 p. ; c20 cm.1 aMirlas, León.981594 aES-MaACLjL-6409 bR.106491 c86005d86005 00104070aATENEOMbATENEOMcDEPO2d2008-01-17eSCl0oL-6409p1089871r2023-10-04 00:00:00w2023-02-23yMONOGRAFIA